000 00710cam a22002294a 4500
001 15471302
005 20260312092202.0
008 081001s2007 ii b 001 0 eng
020 _a9788177081473
020 _a8177081470
050 0 0 _aHG3971
_b.J35 2007
082 0 0 _a332.4/5
_222
100 1 _aJain, Nidhi.
245 1 0 _aForeign exchange risk management /
_cNidhi Jain.
260 _aNew Delhi :
_bNew Century Publications,
_c2007.
300 _axii, 234 p. ;
_c23 cm.
650 0 _aForeign exchange market
_zIndia.
650 0 _aForeign exchange market.
650 0 _aRisk management.
856 4 1 _3Table of contents only
_uhttp://www.loc.gov/catdir/toc/fy1001/2008471515.html
942 _2lcc
_cBK
_n0
999 _c8961
_d8961